Business Communication : (Record no. 171422)

MARC details
000 -LEADER
fixed length control field 00563nam a2200181 4500
005 - DATE AND TIME OF LATEST TRANSACTION
control field 20200113142946.0
010 ## - LCCN (DPL NO)
LC control number ENG-127360
020 ## - INTERNATIONAL STANDARD BOOK NUMBER
International Standard Book Number 9789388691307
Terms of availability 195.00
035 ## - SYSTEM CONTROL NUMBER
System control number EN-110892
037 ## - SOURCE OF ACQUISITION
Source of stock number/acquisition DBAD/PUB
082 ## - DEWEY DECIMAL CLASSIFICATION NUMBER
Classification number 651.7
100 ## - MAIN ENTRY--PERSONAL NAME
Personal name Ahmad,Shoeb
245 ## - TITLE STATEMENT
Title Business Communication :
Statement of responsibility, etc by Shoeb Ahmad
Remainder of title /
260 ## - PUBLICATION, DISTRIBUTION, ETC. (IMPRINT)
Place of publication, distribution, etc Delhi
Name of publisher, distributor, etc Shipra Publications
Date of publication, distribution, etc 2019
270 ## - ADDRESS
Address LG 18-19,Pankaj central Market IP Ext.,Patpargani
City Delhi
Postal code 110092
Electronic mail address info@shiprapublication.com
300 ## - PHYSICAL DESCRIPTION
Extent 1149p.
Dimensions 23cm(pbk)
942 ## - ADDED ENTRY ELEMENTS (KOHA)
Source of classification or shelving scheme Dewey Decimal Classification
Item type English Books
Classification part 651.7
Call number suffix SHE
Holdings
Withdrawn status Lost status Not for loan Collection code Home library Current library Date acquired Source of acquisition Cost, normal purchase price Full call number Barcode Copy number Cost, replacement price Koha item type
      Non-fiction Shahdara Branch Shahdara Branch 13/01/2020 DBAD/PUB 195.00 651.7 SHE EN-110892 1 195.00 English Books

© Delhi Public Library
Hit Counter
free hit counter